1930 1028 1675 1795 1159 1118 1698 1013 1097 1348 1199 1996 1781 1208 1072 1233 1045 1868 1679 1933 1337 1967 2000 1731 1587 1883 1767 1369 1449 1379 1162 1524 1874 1929 1053 1391 1913 1426 1336 1008 1235 1710 1770 1551 1656 1740 1542 1027 1656 1969 1818 1100 1717 1642 1683 1977 1542 1922 1765 1530 1402 1240 1534 1361 1224 1900 1688 1772 1527 1457 1064 1128 1119 1918 1523 1306 1717 1871 1814 1441 1560 1080 1341 1653 1266 1078 1543 1938 1257 1547 1302 1706 1399 1269 1808 1251 1051 1616 1184 BCNSPRNW ULIB Ver.6.0+V

เปลี่ยนเป็นภาษาไทย

Change to English
 แสดงรายละเอียดบรรณานุกรม
  กลับหน้าหลัก

Brief Record : Get Marc (ISO 2709) : E-mail record : QR code < ปิดหน้าต่าง
LEADER : 00000nam 2200000uu 4500
001    13399120302
003     ULIB
008    120918s2550||||th 000 0 tha d
020    ^a9747645564
060 04 ^aWY159^bย394ห 2550
100 0  ^aยุพยงค์ ทังสุบุตร
245 10 ^aหลักและเทคนิคปฏิบัติการทางการพยาบาลเด็ก /^cยุพยงค์ ทังสุบุตร ... [และคนอื่นๆ]
250    ^aพิมพ์ครั้งที่ 1
260    ^aนนทบุรี :^bโครงการสวัสดิการวิชาการ สถาบันพระบรมราชชนก,^c2550
300    ^a178 หน้า :^bภาพประกอบ ;^c26 ซม.
650  7 ^aการพยาบาลกุมารเวชศาสตร์
650  7 ^aเด็ก^xการดูแล
710 2  ^aสถาบันพระบรมราชชนก. ^bโครงการสวัสดิการวิชาการ
945    ^p280^l0^i15169
995    ^aวิภา
999 ^a ใช้งานได้ทุกระบบ
รายการนี้ยังไม่มีแท็ก
คุณยังไม่ได้ล็อกอิน คุณสามารถมีกิจกรรมร่วมกับเว็บไซต์ได้ แต่ต้องล็อกอินก่อน ::
  ล็อกอิน

รายการสื่อสารสนเทศ

ลำดับที่ ประเภท เลขเรียก/บาร์โค้ด สถานที่ สถานะ
1. วิทยาศาสตร์การแพทย์ และสุขภาพ
วิทยาศาสตร์การแพทย์ และสุขภาพ
WY159 ย394ห 2550  
  Barcode: 15169
ห้องสมุดวิทยาเขตนครสวรรค์
►ส่วนจัดเก็บหนังสือเก่า นว.
บนชั้น
  ขอยืม

รายการใกล้เคียง
    ผู้แต่ง [ยุพยงค์ ทังสุบุตร]

    หัวเรื่อง [การพยาบาลกุมารเวชศาสตร์]
    หัวเรื่อง [เด็ก การดูแล]

BibComment


ยังไม่เคยถูกคอมเมนท์

คอมเมนท์ทรัพยากรรายการนี้
  คอมเมนท์: หลักและเทคนิคปฏิ..


 Copyright 2026. Bcnsprnw @Library